000 00976nam a2200217Ia 4500
003 GCL
008 140319s9999 xx 000 0 ara d
040 _aGCL /
_cGCL
082 0 4 _a370.71
_bع ل
100 1 _aعبدالعزيز القوصى
245 1 0 _aاللغة والفكر : وهى اربع محاضرات القاها اعضاء هيئة التدريس بالمعهد ومعها تقرير عن تجربة اجريت فى تعليم مبادى القراءة والكتابة (هدية من الاديب عبدالفتاح الجمل) /
_cعبدالعزيز القوصى
700 1 _aمحمد سعيد قدرى
700 1 _aجاكسون، ستانلى
700 1 _aمحمد فؤاد جلال
300 _a137 ص
490 _aمطبوعات معهد التربية العالى للمعلمين
_v0
650 0 4 _aطرق التدريس
650 0 4 _aالقراءة - طرق تدريس
650 0 4 _aالكتاب - طرق التدريس
942 _2ddc
_cBK
999 _c47406
_d47406